Sea Water Desalination Plant for Karachi Water Supply (Record no. 554438)
[ view plain ]
| 000 -LEADER | |
|---|---|
| fixed length control field | 00618nam a22001937a 4500 |
| 082 ## - DEWEY DECIMAL CLASSIFICATION NUMBER | |
| Classification number | P-867 |
| 100 ## - MAIN ENTRY--PERSONAL NAME | |
| Personal name | Aslam, Capt Muhammad Umar |
| 9 (RLIN) | 36102 |
| 245 ## - TITLE STATEMENT | |
| Title | Sea Water Desalination Plant for Karachi Water Supply |
| 260 ## - PUBLICATION, DISTRIBUTION, ETC. | |
| Place of publication, distribution, etc. | Risalpur, |
| Name of publisher, distributor, etc. | MCE, |
| Date of publication, distribution, etc. | 2020. |
| 300 ## - PHYSICAL DESCRIPTION | |
| Extent | 75 pages. |
| Dimensions | 30cm. |
| 526 ## - STUDY PROGRAM INFORMATION NOTE | |
| Program name | 0 |
| Interest level | 0 |
| Reading level | 0 |
| Title point value | P_867 |
| 650 ## - SUBJECT ADDED ENTRY--TOPICAL TERM | |
| Topical term or geographic name entry element | Water Resources Engg |
| Topical term following geographic name entry element | Syn-26 |
| 9 (RLIN) | 36103 |
| 700 ## - ADDED ENTRY--PERSONAL NAME | |
| Personal name | Asghar, Capt Daniyal |
| 9 (RLIN) | 36108 |
| 700 ## - ADDED ENTRY--PERSONAL NAME | |
| Personal name | Haider, Capt Syed Muhammad Ijlal |
| 9 (RLIN) | 36107 |
| 700 ## - ADDED ENTRY--PERSONAL NAME | |
| Personal name | Karim, Capt Rizwan |
| 9 (RLIN) | 36105 |
| 700 ## - ADDED ENTRY--PERSONAL NAME | |
| Personal name | Khan, Capt Maqbool Ahmed |
| 9 (RLIN) | 36106 |
| 700 ## - ADDED ENTRY--PERSONAL NAME | |
| Personal name | Supervisor Dr Irfan Abid |
| 9 (RLIN) | 36104 |
| 942 ## - ADDED ENTRY ELEMENTS (KOHA) | |
| Source of classification or shelving scheme | |
| Koha item type | Book |
| Withdrawn status | Lost status | Source of classification or shelving scheme | Damaged status | Not for loan | Permanent Location | Current Location | Date acquired | Total Checkouts | Full call number | Barcode | Date last seen | Price effective from | Koha item type |
|---|---|---|---|---|---|---|---|---|---|---|---|---|---|
| Military College of Engineering (MCE) | Military College of Engineering (MCE) | 11/17/2020 | P-867 | MCE-P-867 | 11/17/2020 | 11/17/2020 | Book |
